名前に「根」がつく駅 - Statistics

General Stats
  • This quiz has been taken 81 times
  • The average score is 21 of 57
Answer Stats
Hint Answer % Correct
山形新幹線奥羽本線 さくらんぼ東根
86%
根室本線 根室
81%
只見線 根岸
78%
根岸線 根岸
78%
奥羽本線 東根
75%
阪和線関西空港線 日根野
73%
東京メトロ千代田線 根津
71%
中央本線名鉄瀬戸線 地下鉄名城線 大曽根
68%
東海道本線近江鉄道本線 彦根
68%
山陽本線 曽根
66%
阪急宝塚本線 曽根
66%
東海道本線 南彦根
59%
東海道本線 根府川
58%
箱根登山鉄道線 箱根湯本
58%
内房線 巌根
56%
太多線 根本
51%
伯備線 根雨
49%
都営三田線 蓮根
47%
京成松戸線 高根公団
44%
箱根登山鉄道線 箱根板橋
42%
東海道本線 三ヶ根
41%
京成松戸線 高根木戸
41%
横浜市営地下鉄ブルーライン 岸根公園
37%
八高線 箱根ヶ崎
36%
木次線 出雲坂根
36%
IRいしかわ鉄道線 能美根上
34%
身延線 富士根
32%
飯田線 駒ヶ根
31%
大井川鐵道大井川本線 川根温泉笹間渡
31%
北上線 藤根
29%
奥羽本線 関根
27%
紀勢本線 大曽根浦
27%
大糸線 根知
25%
芸備線 坂根
25%
ひたちなか海浜鉄道線 中根
25%
山陽電鉄本線 山陽曽根
25%
越後線 越後曽根
24%
道南いさりび鉄道線 久根別
24%
道南いさりび鉄道線 東久根別
22%
日豊本線 下曽根
20%
福島交通飯坂線 曽根田
20%
吾妻線 羽根尾
19%
宇都宮ライトレール 芳賀・高根沢工業団地
19%
大井川鐵道井川線 川根両国
19%
大井川鐵道井川線 川根小山
19%
近江鉄道本線 彦根口
19%
羽越本線 桂根
17%
山陰本線 波根
17%
近鉄湯の山線 大羽根園
17%
上信電鉄線 根小屋
17%
肥薩おれんじ鉄道線 阿久根
17%
仙山線 熊ヶ根
14%
奥羽本線 富根
14%
釜石線 岩根橋
10%
三陸鉄道リアス線 豊間根
5%
錦川鉄道線 根笠
5%
三陸鉄道リアス線 佐羽根
3%
No matching quizzes found
Score Distribution
Percent of People with Each Score
Percentile by Number Answered
Your Score History
You have not taken this quiz